000 00525nam a2200193Ia 4500
003 GCL
008 140319s9999 xx 000 0 eng d
040 _aGCL /
_cGCL
082 0 4 _aCC
_b221.44
_bS H
100 1 _aSCHIFFMAN, LAWRENCE
245 1 0 _aHEBREW AND ARAMAIC INCANTATION TEXTS FROM THE CAIRO GENIZAH /
_cSCHIFFMAN, LAWRENCE
260 _a[S.N] :
_bSHEFFIELD ACADEMIC PRESS
300 _a183 PP
650 0 4 _aEGYPT
650 0 4 _aJEWISH
650 0 4 _aMANUSCRIPTS
650 0 4 _aJEWISH - RELIGION
942 _2ddc
_cBK
999 _c11714
_d11714